| 000 | 00538nam a22001817a 4500 | ||
|---|---|---|---|
| 999 |
_c190147 _d190147 |
||
| 005 | 20220719114341.0 | ||
| 010 | _aENG-133676 | ||
| 020 | _c595.00 | ||
| 035 | _aEN-117208 | ||
| 037 | _bDBAD/PUB | ||
| 082 | _a921 | ||
| 100 | _aJasdev Singh | ||
| 245 |
_aOn the wings of radio waves: _cby Jasdev Singh _ba broadcaster's journey/ |
||
| 260 |
_aNew Delhi _bVitasta Publishing _c2022 |
||
| 270 |
_a2/15,Ansari Road,Daryaganj, _bNew Delhi _e110002 |
||
| 300 |
_axxv;298p.: _c23cm(Hb) _bill. |
||
| 942 |
_2ddc _cEN _h921 _mJAS |
||